000
00277nam a22001337a 4500
008
171017b xxu||||| |||| 00| 0 eng d
020
_a
0697007987
041
_a
eng
080
_a
338
100
_a
53
101
_a
MEN
245
_a
MANAGMENT
_c
CERITO.S.C
942
_2
udc
_c
BK
999
_c
34522
_d
34522